South Asian Geography By Letter - G - Statistics

General Stats
  • This quiz has been taken 133 times
  • The average score is 7 of 20
Answer Stats
Hint Answer % Correct
Hinduism's holiest river Ganges
99%
Colony seized by India in 1961 Goa
82%
Nickname of Afghanistan {Graveyard} of Empires
81%
Nepalese soldier Gurkha
73%
State on the northwest coast of India Gujarat
64%
Sanskrit word for a religious teacher Guru
60%
Hindu deity depicted as an elephant Ganesha
55%
Mannar, Kutch, Khambhat, e.g. Gulf
26%
There is a eastern and a westernmountain ranges with this name Ghats
25%
Another name for the Sikh's Harmandir Sahib Golden Temple
24%
Indian surname meaning "protector",was the name of an empire Gupta
22%
India's second longest river Godavari
20%
Capital of the above Gandhinagar
18%
Northernmost Pakistani territory {Gilgit}-Baltistan
16%
Sri Lankan port that was fortified by the Portuguese in the 18th century Galle
15%
World's highest mountain that has never been climbed {Gangkhar} Puensum
12%
Afghan city that once was hometo an empire Ghazni
12%
Huge statue in Bodh Gaya, India Great Buddha
8%
India's Bay of Bengal archipelago Great Andaman
4%
Full name for India in Hindi:Bhārat _________ Gaṇarājya
3%
No matching quizzes found
Score Distribution
Percent of People with Each Score
Percentile by Number Answered
Your Score History
You have not taken this quiz